000 00462nam a22001097a 4500
008 150625b xxu||||| |||| 00| 0 eng d
010 _8HCCRSARF: 006
245 _aHIGH COURT CRIMINAL SESSION No.551 of 1970 Uganda Vs Haputali Adgany
260 _aHigh Court Kampala
500 _3(original criminal Case No.ML.710 of 1969 in the chief Magistrate's court of Gulu at Gulu Before: C.D.Patel, Esq., Chief Magistrate)
500 _3Before: Hon. Mr. Ag Justice S. Mosoke
999 _c6753
_d6753